<?xml version="1.0" encoding="UTF-8"?>
<resp>
  <nextPage>https://data.bn.org.pl/api/networks/bibs.marcxml?marc=001+b1000000972893&amp;sinceId=1000000972894</nextPage>
  <collection>
    <record xmlns='http://www.loc.gov/MARC21/slim'><leader>02058naa a2200553 i 4500</leader><controlfield tag='001'>b1000000972893</controlfield><controlfield tag='005'>20260217080350.7</controlfield><controlfield tag='008'>210526s2020    pl           |000 0 rusoc</controlfield><controlfield tag='009'>9912079587805606</controlfield><datafield ind1=' ' ind2=' ' tag='015'><subfield code='a'>BZCz 2021/21393</subfield></datafield><datafield ind1='7' ind2=' ' tag='024'><subfield code='a'>10.34739/doc.2020.17.17</subfield><subfield code='2'>doi</subfield></datafield><datafield ind1=' ' ind2=' ' tag='035'><subfield code='a'>(PL)b1000000972893</subfield></datafield><datafield ind1=' ' ind2=' ' tag='040'><subfield code='a'>WA N</subfield><subfield code='c'>WA N</subfield><subfield code='d'>WA N</subfield></datafield><datafield ind1='0' ind2=' ' tag='041'><subfield code='a'>rus</subfield><subfield code='b'>eng</subfield><subfield code='b'>pol</subfield></datafield><datafield ind1=' ' ind2=' ' tag='046'><subfield code='k'>2020</subfield></datafield><datafield ind1=' ' ind2=' ' tag='080'><subfield code='a'>316(045/046)</subfield></datafield><datafield ind1='1' ind2=' ' tag='100'><subfield code='a'>Kuksačëv, Nikolaj</subfield><subfield code='e'>Autor</subfield></datafield><datafield ind1='1' ind2='0' tag='245'><subfield code='a'>Nrastvennaa èlita :</subfield><subfield code='b'>formirovanie, mesto i rol&apos; v obŝestve = Moral elite : formation, place and role in society = Duchowa elita : formowanie, miejsce i rola w społeczeństwie /</subfield><subfield code='c'>Nikolaj Kuksačëv.</subfield></datafield><datafield ind1='3' ind2='1' tag='246'><subfield code='a'>Moral elite :</subfield><subfield code='b'>formation, place and role in society</subfield></datafield><datafield ind1='3' ind2='1' tag='246'><subfield code='a'>Duchowa elita :</subfield><subfield code='b'>formowanie, miejsce i rola w społeczeństwie</subfield></datafield><datafield ind1=' ' ind2=' ' tag='260'><subfield code='c'>2020.</subfield></datafield><datafield ind1=' ' ind2=' ' tag='336'><subfield code='a'>Tekst</subfield><subfield code='b'>txt</subfield><subfield code='2'>rdacontent</subfield></datafield><datafield ind1=' ' ind2=' ' tag='337'><subfield code='a'>Bez urządzenia pośredniczącego</subfield><subfield code='b'>n</subfield><subfield code='2'>rdamedia</subfield></datafield><datafield ind1=' ' ind2=' ' tag='338'><subfield code='a'>Wolumin</subfield><subfield code='b'>nc</subfield><subfield code='2'>rdacarrier</subfield></datafield><datafield ind1=' ' ind2=' ' tag='380'><subfield code='a'>Artykuły</subfield></datafield><datafield ind1=' ' ind2=' ' tag='380'><subfield code='a'>Publikacje naukowe</subfield></datafield><datafield ind1='1' ind2=' ' tag='388'><subfield code='a'>2001-</subfield></datafield><datafield ind1=' ' ind2=' ' tag='504'><subfield code='a'>Bibliografia, netografia na stronie 146.</subfield></datafield><datafield ind1=' ' ind2=' ' tag='546'><subfield code='a'>Streszczenie w języku angielskim i polskim.</subfield></datafield><datafield ind1=' ' ind2='7' tag='650'><subfield code='a'>Elita społeczna</subfield><subfield code='2'>DBN</subfield></datafield><datafield ind1=' ' ind2='7' tag='650'><subfield code='a'>Intelektualiści i intelektualistki</subfield><subfield code='2'>DBN</subfield></datafield><datafield ind1=' ' ind2='7' tag='655'><subfield code='a'>Artykuł problemowy</subfield><subfield code='2'>DBN</subfield></datafield><datafield ind1=' ' ind2='7' tag='655'><subfield code='a'>Artykuł z czasopisma naukowego</subfield><subfield code='2'>DBN</subfield></datafield><datafield ind1=' ' ind2=' ' tag='658'><subfield code='a'>Socjologia i społeczeństwo</subfield></datafield><datafield ind1='0' ind2=' ' tag='773'><subfield code='i'>W:</subfield><subfield code='t'>Doctrina : międzynarodowy przegląd humanistyczny.</subfield><subfield code='x'>1730-0274</subfield><subfield code='g'>Nr 17 (2020), s. 135-146</subfield><subfield code='w'>PL)b0000001674241</subfield></datafield><datafield ind1=' ' ind2=' ' tag='852'><subfield code='b'>48OMNIS_NETWORK</subfield><subfield code='8'>9912079587805606</subfield></datafield><datafield ind1=' ' ind2=' ' tag='852'><subfield code='b'>48OMNIS_UMCS</subfield><subfield code='8'>991009023366207661</subfield></datafield><datafield ind1=' ' ind2=' ' tag='852'><subfield code='b'>48OMNIS_NLOP</subfield><subfield code='8'>991052896984005066</subfield></datafield></record>
  </collection>
</resp>
